000 00464ntaaa2200181 4500
003 01
005 20251027202107.0
008 0714s1973 ag 01
040 _aAR-BaBN
_bspa
_cAR-BaBN
_eaacr
_dRIC
082 _a252.0000 W37
100 _aWeatherhead, Leslie D
245 _aWhen the lamp flickers
250 _a1 ed.
260 _aLondon :
_bHodder and Stoughton,
_c1958
300 _a255 p
500 _aMensajes sobre las enseƱanzas de Cristo
942 _cBK
999 _c15774
_d15774